US Catholic Archdioceses - Statistics

General Stats
  • This quiz has been taken 37 times
  • The average score is 20 of 33
Answer Stats
Archdiocese % Correct
Los Angeles
88%
Miami
88%
New York
88%
San Francisco
84%
Boston
81%
Galveston-Houston
81%
St. Paul & Minneapolis
81%
Washington
81%
Chicago
78%
Philadelphia
78%
Seattle
75%
Atlanta
72%
Denver
72%
New Orleans
72%
Portland in Oregon
72%
Baltimore
69%
Cincinnati
66%
Detroit
66%
Milwaukee
63%
Indianapolis
59%
St. Louis
59%
Las Vegas
53%
Oklahoma City
50%
San Antonio
50%
Kansas City in Kansas
47%
Anchorage
44%
Newark
38%
Omaha
38%
Santa Fe
38%
Louisville
34%
Hartford
28%
Dubuque
9%
Mobile
6%
No matching quizzes found
Score Distribution
Percent of People with Each Score
Percentile by Number Answered
Your Score History
You have not taken this quiz